Japonais célèbres par images - Statistiques

Statistiques générales
  • Ce quiz a été pris 204 fois
    179 depuis la dernière actualisation
  • Le résultat moyen est 5 sur 17
Statistiques - réponses
Par images Réponse % Correct
Hirohito
69%
Hayao Miyazaki
67%
Shinzo Abe
52%
Naomi Osaka
48%
Eiichirô Oda
46%
Shigeru Miyamoto
33%
Shinji Kagawa
33%
Akira Toriyama
31%
Hideo Kojima
27%
Yoko Ono
22%
Takeshi Kitano
20%
Akihito
15%
Ken Watanabe
13%
Toshirō Mifune
10%
Shōtoku
2%
Sonny Chiba
1%
Utamaro
1%
Aucun quiz correspondant
Distribution des résultats
% des personnes avec chaque résultat
Percentile par nombre de réponses
Votre historique - résultats
Vous n’avez pas pris ce quiz depuis la dernière actualisation